000 00782nam a2200265 i 4500
003 DO-SdBNP
005 20231107131033.0
007 ta
008 231107b2023 dr ||||| |||| 00| 0 spa d
020 _a9789945648027
040 _aDO-SdBNP
_bspa
_cBNPHU
_erda
082 4 _aRD861.5
_bM425p
_222
100 _aMarte, Mauro,
_982762
_eautor
245 1 0 _aPoemas de siempre /
_cMauro Marte
264 _aSanto Domingo :
_bSantuario,
_c2023.
300 _a66 páginas ;
_c23 cm.
336 _2rdacontent
_atexto
_btxt
337 _2rdamedia
_asin mediación
_bn
338 _2rdacarrier
_avolumen
_bnc
590 _aInventariado, 2023/BT
650 4 _aPoesía dominicana
650 4 _aLiteratura dominicana
910 _aBtavárez/Validado. Control de calidad MFF
942 _2ddc
_cLBS1
999 _c55408
_d55408